| 000 | 00668nam a2200241 a 4500 | ||
|---|---|---|---|
| 005 | 20140310183450.0 | ||
| 008 | 090116s19uu xx 00 eng d | ||
| 020 | _a9781847871763 | ||
| 050 |
_aHD 30.4 _b.Ea265 2008 |
||
| 100 | _aEasterby-Smith, Mark | ||
| 245 |
_aManagement research / _cMark Easterby-Smith |
||
| 250 | _a3rd ed. | ||
| 260 |
_aLos Angeles : _bSage Publication, _c2007. |
||
| 300 |
_a351 p. : _bcol. ill. ; _c24 cm. |
||
| 500 | _aIncludes index | ||
| 521 | _aBSBA | ||
| 650 | _aBSBA. | ||
| 650 |
_aManagement _xResearch _xMethodology. |
||
| 700 | _aThorpe, Richard | ||
| 700 | _aJackson, Paul R. | ||
| 942 |
_cBK _2lcc _kFOR |
||
| 999 |
_c23362 _d23362 |
||